<?xml version="1.0" encoding="UTF-8"?>
<collection xmlns="http://www.loc.gov/MARC21/slim">
 <record>
  <leader>01148nam a22001937a 4500</leader>
  <controlfield tag="001">NCT_4_008524</controlfield>
  <controlfield tag="008">240529b        xxu||||| |||| 00| 0 vie d</controlfield>
  <datafield tag="999" ind1=" " ind2=" ">
   <subfield code="c">8360</subfield>
   <subfield code="d">8360</subfield>
  </datafield>
  <datafield tag="020" ind1=" " ind2=" ">
   <subfield code="a">9780439339094</subfield>
   <subfield code="c">$16.95</subfield>
  </datafield>
  <datafield tag="082" ind1="0" ind2="4">
   <subfield code="2">23rd ed.</subfield>
   <subfield code="a">741.5</subfield>
   <subfield code="b">M979</subfield>
  </datafield>
  <datafield tag="100" ind1="1" ind2=" ">
   <subfield code="a">Muth, Jon J</subfield>
  </datafield>
  <datafield tag="245" ind1="1" ind2="0">
   <subfield code="a">Stone soup</subfield>
   <subfield code="c">Jon J Muth</subfield>
  </datafield>
  <datafield tag="260" ind1=" " ind2=" ">
   <subfield code="a">New York</subfield>
   <subfield code="b">Scholastic Press</subfield>
   <subfield code="c">2003</subfield>
  </datafield>
  <datafield tag="300" ind1=" " ind2=" ">
   <subfield code="a">32 p.</subfield>
   <subfield code="b">ill.</subfield>
   <subfield code="c">26cm</subfield>
  </datafield>
  <datafield tag="520" ind1="3" ind2=" ">
   <subfield code="a">This book is about three strangers, hungry and tired, traveling through a war-torn village. Depressed and suspicious because of the war, people hid food and tightly closed their windows. That is until clever strangers offered to cook a soup from rocks. Intrigued by the idea, everyone brought what they had until-- together, they created a feast fit for a king! In this inspiring story about the power people possess when working together, Muth takes a simple, beloved story and adds her own fresh twist.</subfield>
  </datafield>
  <datafield tag="653" ind1=" " ind2=" ">
   <subfield code="a">Tham khảo</subfield>
  </datafield>
  <datafield tag="942" ind1=" " ind2=" ">
   <subfield code="2">ddc</subfield>
   <subfield code="c">BK</subfield>
  </datafield>
  <datafield tag="952" ind1=" " ind2=" ">
   <subfield code="0">0</subfield>
   <subfield code="1">0</subfield>
   <subfield code="2">ddc</subfield>
   <subfield code="4">0</subfield>
   <subfield code="6">741_500000000000000_M979</subfield>
   <subfield code="7">0</subfield>
   <subfield code="9">28918</subfield>
   <subfield code="a">000001</subfield>
   <subfield code="b">000001</subfield>
   <subfield code="d">2024-05-29</subfield>
   <subfield code="o">741.5 M979</subfield>
   <subfield code="p">TK.00970</subfield>
   <subfield code="r">2024-05-29</subfield>
   <subfield code="w">2024-05-29</subfield>
   <subfield code="y">BK</subfield>
  </datafield>
  <datafield tag="980" ind1=" " ind2=" ">
   <subfield code="a">Thư viện Trường Đại học Nam Cần Thơ</subfield>
  </datafield>
 </record>
</collection>
